[Event "Winter TNM"]
[Site "San Francisco"]
[Date "2006.01.17"]
[Round "2"]
[White "Jahedi, Salar"]
[Black "Brown, Nicholas"]
[Result "1-0"]
[WhiteElo "2014"]
[BlackElo "1461"]
[PlyCount "53"]
[EventDate "2006.01.10"]
[EventType "swiss"]
[EventRounds "8"]
[EventCountry "USA"]

1. e4 e5 2. Nf3 Nc6 3. Bc4 Be7 4. d4 exd4 5. Nxd4 Ne5 6. Bb3 Nf6 7. f4 Ng6 8.
e5 Ne4 9. Be3 Nc5 10. Bc4 O-O 11. Nd2 d6 12. exd6 Bxd6 13. O-O Bxf4 14. Qf3
Bxe3+ 15. Qxe3 Nd7 16. Rad1 Nf6 17. Ne4 Qe7 18. Nxf6+ gxf6 19. Qxe7 Nxe7 20.
Rxf6 Bg4 21. Rdf1 Bh5 22. Nf3 Bg6 23. Ne5 Rad8 24. Nxg6 Nxg6 25. Rxf7 Rxf7 26.
Rxf7 Rd1+ 27. Rf1+ 1-0

[Event "Winter TNM"]
[Site "San Francisco"]
[Date "2006.01.17"]
[Round "2"]
[White "Jones, Ian"]
[Black "Todortsev, Victor"]
[Result "1/2-1/2"]
[WhiteElo "1754"]
[BlackElo "1962"]
[PlyCount "73"]
[EventDate "2006.01.10"]
[EventType "swiss"]
[EventRounds "8"]
[EventCountry "USA"]

1. e4 c5 2. Nf3 d6 3. d4 cxd4 4. Nxd4 Nf6 5. Nc3 g6 6. Be3 Bg7 7. f3 O-O 8. Qd2
Nc6 9. O-O-O Bd7 10. h4 h5 11. Be2 Ne5 12. Bh6 Rc8 13. Bxg7 Kxg7 14. Kb1 Nc4
15. Qg5 Rc5 16. Qc1 Qb6 17. Nb3 Rc7 18. Rd4 Rfc8 19. Bxc4 Rxc4 20. Rxc4 Rxc4
21. Qd2 a5 22. Rd1 a4 23. Nd4 Qc5 24. Nde2 Be6 25. Qg5 d5 26. exd5 Bf5 27. Qd2
a3 28. b3 Rxh4 29. d6 e5 30. Ne4 Nxe4 31. fxe4 Rxe4 32. Ng3 Rd4 33. Nxf5+ gxf5
34. Qg5+ Kh7 35. Qxf5+ Kg7 36. Qg5+ Kf8 37. Qe7+ 1/2-1/2

[Event "Winter TNM"]
[Site "San Francisco"]
[Date "2006.01.17"]
[Round "2"]
[White "Karnad, Josh"]
[Black "Shankland, Sam"]
[Result "0-1"]
[WhiteElo "1800"]
[BlackElo "2012"]
[PlyCount "46"]
[EventDate "2006.01.10"]
[EventType "swiss"]
[EventRounds "8"]
[EventCountry "USA"]

1. e4 c5 2. Nc3 Nc6 3. g3 g6 4. Bg2 Bg7 5. d3 d6 6. Be3 Nf6 7. h3 O-O 8. Qd2
Rb8 9. Bh6 Nd4 10. Kd1 b5 11. h4 b4 12. Bxg7 Kxg7 13. Nge2 h5 14. Nxd4 cxd4 15.
Ne2 e5 16. Bh3 Bxh3 17. Rxh3 Ng4 18. Ke1 Qf6 19. Nc1 Qf3 20. Kf1 Ne3+ 21. Ke1
Qg2 22. fxe3 Qxh3 23. exd4 f5 0-1

[Event "Winter TNM"]
[Site "San Francisco"]
[Date "2006.01.17"]
[Round "2"]
[White "Livschitz, Jennifer"]
[Black "Wong, Russell"]
[Result "0-1"]
[WhiteElo "1315"]
[BlackElo "2200"]
[PlyCount "54"]
[EventDate "2006.01.10"]
[EventType "swiss"]
[EventRounds "8"]
[EventCountry "USA"]

1. e4 Nf6 2. e5 Nd5 3. d4 d6 4. Nf3 Bg4 5. Be2 Bxf3 6. Bxf3 dxe5 7. dxe5 c6 8.
O-O e6 9. c4 Ne7 10. Qxd8+ Kxd8 11. b3 Ng6 12. Bb2 Nd7 13. Re1 Bb4 14. Re2 Ke7
15. a3 Ba5 16. Be4 Nf4 17. Re3 Bb6 18. Re1 Nc5 19. Bc2 Ncd3 20. Bxd3 Nxd3 21.
Re2 Nxb2 22. Rxb2 Bd4 23. Rd2 Bxa1 24. f4 Rhd8 25. Rf2 Rd1+ 26. Rf1 Bd4+ 27.
Kh1 Rxf1# 0-1

[Event "Winter TNM"]
[Site "San Francisco"]
[Date "2006.01.17"]
[Round "2"]
[White "Livschitz, Louiza"]
[Black "Sherwood, Peter"]
[Result "1-0"]
[WhiteElo "1936"]
[BlackElo "1742"]
[PlyCount "75"]
[EventDate "2006.01.10"]
[EventType "swiss"]
[EventRounds "8"]
[EventCountry "USA"]

1. e4 e6 2. d4 d5 3. Nd2 c5 4. exd5 Qxd5 5. Ngf3 cxd4 6. Bc4 Qd6 7. O-O Nf6 8.
Nb3 Nc6 9. Nbxd4 Nxd4 10. Nxd4 a6 11. a4 Qc7 12. Qe2 Bd6 13. h3 O-O 14. Bg5 Nd5
15. Rad1 Nf4 16. Bxf4 Bxf4 17. b3 Bd7 18. Nf3 Bc6 19. Rfe1 Rad8 20. Rxd8 Rxd8
21. Rd1 Rxd1+ 22. Qxd1 Qd6 23. Qe2 h6 24. c3 Qa3 25. g3 Qc1+ 26. Kg2 Qd2 27.
gxf4 Qxf4 28. Qe3 Qf6 29. Bd3 Kf8 30. Be4 Bxe4 31. Qxe4 Qxc3 32. Qxb7 Qd3 33.
Qc8+ Ke7 34. Qc7+ Kf6 35. Qf4+ Ke7 36. Qc7+ Kf6 37. Qe5+ Kg6 38. Qxe6+ 1-0

[Event "Winter TNM"]
[Site "San Francisco"]
[Date "2006.01.17"]
[Round "2"]
[White "Margulis, Igor"]
[Black "Wilkerson, Max"]
[Result "1-0"]
[WhiteElo "2200"]
[BlackElo "1900"]
[PlyCount "96"]
[EventDate "2006.01.10"]
[EventType "swiss"]
[EventRounds "8"]
[EventCountry "USA"]

1. e4 c6 2. Nf3 d6 3. d4 Nf6 4. Nc3 Bg4 5. Bg5 Nbd7 6. Qd2 h6 7. Be3 Qc7 8. Be2
e5 9. O-O Be7 10. a4 O-O 11. Rad1 Rfd8 12. h3 Bh5 13. Nh4 Bxe2 14. Qxe2 Bf8 15.
Rd2 Re8 16. dxe5 Nxe5 17. Rfd1 Ng6 18. Nxg6 fxg6 19. Bf4 Re6 20. Qc4 Qf7 21.
Bxd6 Bxd6 22. Rxd6 Rxd6 23. Qxf7+ Kxf7 24. Rxd6 Re8 25. f3 Re7 26. Kf2 Re5 27.
Rd8 a6 28. Ke3 Re7 29. Rb8 Ne8 30. b3 Nf6 31. Ne2 Rd7 32. Nf4 Re7 33. Nd3 h5
34. Nc5 Nd7 35. Nxd7 Rxd7 36. g4 hxg4 37. hxg4 g5 38. Rc8 Ke7 39. Ke2 Kf7 40.
Rh8 Re7 41. Rh7 Rd7 42. Rh1 Re7 43. Ra1 Re8 44. Kd1 Ke6 45. Ke2 Ke5 46. Ke3 c5
47. a5 g6 48. Kd3 Kf4 1-0

[Event "Winter TNM"]
[Site "San Francisco"]
[Date "2006.01.17"]
[Round "2"]
[White "Nochomovitz, Yigal"]
[Black "Traub, Igor"]
[Result "1/2-1/2"]
[WhiteElo "1840"]
[BlackElo "2074"]
[PlyCount "56"]
[EventDate "2006.01.10"]
[EventType "swiss"]
[EventRounds "8"]
[EventCountry "USA"]

1. f4 d5 2. Nf3 Nf6 3. e3 Bg4 4. Be2 e6 5. O-O c5 6. d3 Nc6 7. Nc3 d4 8. Ne4
Nd5 9. Ne5 Bxe2 10. Qxe2 Qc7 11. Ng5 Nd8 12. e4 Nb4 13. Nexf7 Nxf7 14. Nxe6 Qd6
15. f5 Nc6 16. Bf4 Nce5 17. Bg3 Kd7 18. c3 Re8 19. b4 Rxe6 20. fxe6+ Qxe6 21.
Rac1 dxc3 22. Rxc3 cxb4 23. Rc2 Qb6+ 24. Kh1 Bc5 25. Qh5 g6 26. Qh3+ Ke7 27.
Bh4+ g5 28. Be1 Bd4 {remainder incorrect; drawn in 35 moves} 1/2-1/2

[Event "Winter TNM"]
[Site "San Francisco"]
[Date "2006.01.17"]
[Round "2"]
[White "Oca, Homer"]
[Black "Lupton, Stephen"]
[Result "1-0"]
[WhiteElo "1678"]
[BlackElo "1326"]
[PlyCount "79"]
[EventDate "2006.01.10"]
[EventType "swiss"]
[EventRounds "8"]
[EventCountry "USA"]

1. h3 Nf6 2. a3 e5 3. d3 Nc6 4. e3 d5 5. Nc3 Be6 6. g4 d4 7. Ne4 Nxe4 8. dxe4
Bc5 9. exd4 Qxd4 10. Qf3 Rd8 11. Bd3 O-O 12. Ne2 Qd6 13. O-O Nd4 14. Nxd4 Qxd4
15. Rd1 Rd7 16. Be3 Qxb2 17. Bxc5 Rfd8 18. Rab1 Qc3 19. Bb4 Qc6 20. Qg3 Bc4 21.
Qxe5 Bxd3 22. cxd3 Rxd3 23. Rxd3 Rxd3 24. Qe7 h6 25. Kg2 Kh7 26. Rb2 Qc4 27.
Qe5 b6 28. Bf8 f6 29. Qe7 Qg8 30. h4 c5 31. g5 fxg5 32. hxg5 Kg6 33. f4 Kh5 34.
Bxg7 Kg4 35. gxh6 Rg3+ 36. Kf2 Rf3+ 37. Ke1 Re3+ 38. Kd2 Qc4 39. Kxe3 Qc3+ 40.
Bxc3 1-0

[Event "Winter TNM"]
[Site "San Francisco"]
[Date "2006.01.17"]
[Round "2"]
[White "Ossipov, Victor"]
[Black "Purcell, Brendan"]
[Result "1-0"]
[WhiteElo "2132"]
[BlackElo "1874"]
[PlyCount "117"]
[EventDate "2006.01.10"]
[EventType "swiss"]
[EventRounds "8"]
[EventCountry "USA"]

1. Nf3 d5 2. d4 Nf6 3. Bf4 g6 4. h3 Bg7 5. e3 O-O 6. Be2 b6 7. Nbd2 Bb7 8. a4
c5 9. c3 Nc6 10. O-O Nd7 11. Qb3 e5 12. dxe5 Ndxe5 13. a5 Re8 14. Rfd1 Re7 15.
Bg5 f6 16. Bf4 Nxa5 17. Qa2 Nxf3+ 18. Bxf3 Rd7 19. Be2 Kh8 20. Nf3 Nc6 21. Rd2
Ne5 22. Rad1 a6 23. e4 Nxf3+ 24. Bxf3 d4 25. cxd4 Rxd4 26. Rxd4 cxd4 27. Qc4 b5
28. Qxd4 Qxd4 29. Rxd4 f5 30. e5 Bxf3 31. gxf3 Re8 32. Rd5 g5 33. Bxg5 h6 34.
Bf4 Rc8 35. Be3 Rc2 36. b4 Kh7 37. f4 Bf8 38. Bd2 Rc4 39. Rd7+ Kg6 40. Ra7 Bxb4
41. Rxa6+ Kf7 42. Be3 Kg7 43. Rb6 Bc5 44. Rxb5 Bxe3 45. fxe3 Rc2 46. Rb6 Re2
47. Rf6 Rxe3 48. Kg2 Re2+ 49. Kf3 Ra2 50. Rxf5 Ra3+ 51. Kg4 Ra1 52. Rf6 Rg1+
53. Kh5 Rf1 54. Rg6+ Kf7 55. Rg4 Ke6 56. Rg6+ Kf5 57. Rf6+ Ke4 58. e6 Kd5 59.
h4 1-0

[Event "Winter TNM"]
[Site "San Francisco"]
[Date "2006.01.17"]
[Round "2"]
[White "Petrison, John"]
[Black "Hilliard, Michael"]
[Result "1-0"]
[WhiteElo "2092"]
[BlackElo "1465"]
[PlyCount "87"]
[EventDate "2006.01.10"]
[EventType "swiss"]
[EventRounds "8"]
[EventCountry "USA"]

1. e4 c6 2. f4 d5 3. e5 Bf5 4. d4 e6 5. Nf3 c5 6. Bd3 Bxd3 7. Qxd3 Qb6 8. c3
Nc6 9. dxc5 Bxc5 10. b4 Be7 11. Be3 Qc7 12. Nbd2 Nh6 13. Nb3 Nf5 14. Bf2 b6 15.
Rc1 O-O 16. O-O Rfc8 17. g4 Nh6 18. h3 f6 19. b5 Nd8 20. Nbd4 fxe5 21. Nxe5 Bf6
22. Nec6 Bxd4 23. Nxd4 Qxf4 24. Bg3 Qg5 25. Qf3 Qe7 26. Rce1 Nhf7 27. Nf5 Qc5+
28. Bf2 Qf8 29. Nd4 Ng5 30. Qxf8+ Kxf8 31. Bh4+ Kg8 32. Bxg5 Rxc3 33. Bxd8 Rxd8
34. Rxe6 Rxh3 35. Kg2 Rd3 36. Nf5 Rd2+ 37. Rf2 Rd1 38. Ne7+ Kh8 39. Nc6 Ra8 40.
Re7 d4 41. Rxa7 Re8 42. Re7 Rg8 43. Rd7 d3 44. Ne5 1-0

[Event "Winter TNM"]
[Site "San Francisco"]
[Date "2006.01.17"]
[Round "2"]
[White "Regan, Jack"]
[Black "Kastor, Mark"]
[Result "1-0"]
[WhiteElo "1564"]
[BlackElo "1684"]
[PlyCount "106"]
[EventDate "2006.01.10"]
[EventType "swiss"]
[EventRounds "8"]
[EventCountry "USA"]

1. Nf3 Nf6 2. c4 e6 3. Nc3 d5 4. Qc2 Be7 5. d4 O-O 6. cxd5 exd5 7. Bg5 Nbd7 8.
e3 c5 9. dxc5 Nxc5 10. g3 h6 11. Bf4 Re8 12. Be5 Nce4 13. Bg2 Bb4 14. O-O Nxc3
15. Bxc3 Bxc3 16. Qxc3 Bd7 17. Rfd1 Rc8 18. Qb3 Bc6 19. Nd4 Qe7 20. Rac1 Rc7
21. Nb5 Bxb5 22. Rxc7 Qxc7 23. Qxb5 Qc6 24. Qb3 Re5 25. h3 b6 26. f4 Re7 27.
Bxd5 Qc5 28. Kf2 Nxd5 29. Rxd5 Qc1 30. Qd3 Qxb2+ 31. Qd2 Qxd2+ 32. Rxd2 f6 33.
Kf3 Kf7 34. e4 b5 35. Rd5 Rb7 36. Ke3 g6 37. Kd4 b4 38. Kc4 a6 39. Rd6 a5 40.
Rd5 a4 41. Ra5 b3 42. axb3 axb3 43. Ra1 b2 44. Rb1 Ke6 45. Kc3 g5 46. Rxb2 Rxb2
47. Kxb2 gxf4 48. gxf4 f5 49. e5 Kd5 50. Kc3 Kc5 51. h4 h5 52. Kb3 Kb5 53. Kc3
Kc5 {remainder illegible; W won in 58 moves} 1-0

[Event "Winter TNM"]
[Site "San Francisco"]
[Date "2006.01.17"]
[Round "2"]
[White "Riese, Kayven"]
[Black "Gallegos, Paul"]
[Result "0-1"]
[WhiteElo "1858"]
[BlackElo "2200"]
[PlyCount "46"]
[EventDate "2006.01.10"]
[EventType "swiss"]
[EventRounds "8"]
[EventCountry "USA"]

1. e4 c5 2. Nf3 d6 3. d4 cxd4 4. Nxd4 Nf6 5. Nc3 a6 6. Bc4 e6 7. Be3 b5 8. Bd3
Bb7 9. f3 Be7 10. Qd2 Nbd7 11. O-O-O Qc7 12. Bxb5 d5 13. exd5 Nxd5 14. Bxd7+
Qxd7 15. Nxd5 Bxd5 16. Nb3 O-O 17. Bc5 Bxc5 18. Nxc5 Qb5 19. Nb3 a5 20. Kb1
Rfb8 21. Qd3 Qb4 22. Qd4 Bc4 23. Nd2 Bxa2+ 0-1

[Event "Winter TNM"]
[Site "San Francisco"]
[Date "2006.01.17"]
[Round "2"]
[White "Robbins, Chuck"]
[Black "Rudyak, Felix"]
[Result "1-0"]
[WhiteElo "1590"]
[BlackElo "1933"]
[PlyCount "56"]
[EventDate "2006.01.10"]
[EventType "swiss"]
[EventRounds "8"]
[EventCountry "USA"]

1. d4 d5 2. c4 Nc6 3. Nc3 Nf6 4. cxd5 Nxd5 5. e4 Nxc3 6. bxc3 e5 7. Bb5 Bd7 8.
Nf3 exd4 9. cxd4 Qe7 10. O-O O-O-O 11. Re1 f6 12. e5 Nxe5 13. dxe5 Bxb5 14. Qb3
Qb4 15. exf6 Qxb3 16. axb3 Bb4 17. Rxa7 Kb8 18. fxg7 Rhg8 19. Bg5 Bxe1 20. Bxd8
Kxa7 21. Bf6 Bb4 22. h4 Be8 23. g4 h5 24. gxh5 Bxh5 25. Ng5 Bd6 26. Kg2 Bf4 27.
Bd4+ b6 28. Nh7 Bh6 1-0

[Event "Winter TNM"]
[Site "San Francisco"]
[Date "2006.01.17"]
[Round "2"]
[White "Russell, Joe"]
[Black "Litowsky, Dan"]
[Result "1-0"]
[WhiteElo "1567"]
[BlackElo "1700"]
[PlyCount "59"]
[EventDate "2006.01.10"]
[EventType "swiss"]
[EventRounds "8"]
[EventCountry "USA"]

1. e4 e5 2. Nf3 Nc6 3. Bc4 Be7 4. d4 d6 5. dxe5 dxe5 6. Qxd8+ Bxd8 7. a3 Nf6 8.
Nc3 Bg4 9. Bb5 Bd7 10. O-O O-O 11. Bg5 h6 12. Bh4 Re8 13. Rad1 a6 14. Bxf6 axb5
15. Nxb5 Bg4 16. Bxd8 Raxd8 17. Nxc7 Re7 18. Rxd8+ Nxd8 19. Nd5 Re6 20. Nd2 Kf8
21. f3 Bh5 22. Nb4 Rd6 23. Nc4 Re6 24. Rd1 Nc6 25. Nxc6 bxc6 26. Rd6 Ke7 27.
Rxe6+ Kxe6 28. Kf2 f6 29. Ne3 Be8 30. Nf5 1-0

[Event "Winter TNM"]
[Site "San Francisco"]
[Date "2006.01.17"]
[Round "2"]
[White "Sainz, Guadalupe"]
[Black "Starr, Albert"]
[Result "1-0"]
[WhiteElo "1694"]
[BlackElo "1496"]
[PlyCount "105"]
[EventDate "2006.01.10"]
[EventType "swiss"]
[EventRounds "8"]
[EventCountry "USA"]

1. d4 f5 2. c4 e6 3. g3 d5 4. cxd5 exd5 5. Bg2 c6 6. Nf3 Be7 7. O-O Nf6 8. Qc2
O-O 9. Bf4 Ne4 10. Nc3 Be6 11. Ne5 Nd7 12. f3 Nd6 13. Nd1 Qb6 14. Be3 Nb5 15.
Qd2 Bf6 16. f4 Rac8 17. Rc1 Be7 18. Nf2 Nf6 19. a4 Nd6 20. Nfd3 Nde4 21. Qc2 h5
22. Ng6 Rf7 23. Bf3 Bd6 24. Nc5 Bxc5 25. dxc5 Qd8 26. Bd4 Ng4 27. Kg2 Kh7 28.
Ne5 Rfc7 29. Nd3 g5 30. h3 Ngf6 31. Be5 Rg7 32. Kh2 h4 33. g4 Ng3 34. Rfd1 Rg6
35. Nf2 gxf4 36. Bxf4 Nfe4 37. Nxe4 fxe4 38. Bg2 Bxg4 39. hxg4 Rxg4 40. e3 Qg8
41. Bh3 Rxf4 42. exf4 Rf8 43. f5 Nxf5 44. Bxf5+ Rxf5 45. Rg1 Qb8+ 46. Kh1 Rf3
47. Qg2 Rg3 48. Qf1 Rf3 49. Qg2 Rg3 50. Qh2 Qf4 51. Rcf1 Rxg1+ 52. Qxg1 Qc7 53.
Qg5 1-0

[Event "Winter TNM"]
[Site "San Francisco"]
[Date "2006.01.17"]
[Round "2"]
[White "Salinas, Chad"]
[Black "Ladyzhensky, Boris"]
[Result "1-0"]
[WhiteElo "1958"]
[BlackElo "1744"]
[PlyCount "77"]
[EventDate "2006.01.10"]
[EventType "swiss"]
[EventRounds "8"]
[EventCountry "USA"]

1. d4 Nf6 2. c4 g6 3. Nc3 d5 4. Nf3 Bg7 5. Bg5 c6 6. e3 O-O 7. Be2 Qa5 8. O-O
dxc4 9. Bf4 Nd5 10. Bg3 Nxc3 11. bxc3 Be6 12. Qc2 Nd7 13. Rfb1 b5 14. a4 Qb6
15. Ng5 Rac8 16. Nxe6 fxe6 17. Bxc4 c5 18. Qa2 Rf6 19. a5 Qd8 20. Bxe6+ Kh8 21.
Rxb5 cxd4 22. cxd4 Rc6 23. Bg4 h5 24. Bf3 Rc3 25. Rb7 Qc8 26. Qb2 Rc2 27. Qb1
Rc3 28. h4 Qe8 29. Qb5 e5 30. Qxd7 Qxd7 31. Rxd7 exd4 32. exd4 Re6 33. d5 Re8
34. Rd1 a6 35. d6 Ra3 36. Re7 Rd8 37. d7 Bf6 38. Be5 Bxe5 39. Rxe5 1-0

[Event "Winter TNM"]
[Site "San Francisco"]
[Date "2006.01.17"]
[Round "2"]
[White "Salvo, Tab"]
[Black "Mar, Henry"]
[Result "1-0"]
[WhiteElo "1740"]
[BlackElo "1565"]
[PlyCount "103"]
[EventDate "2006.01.10"]
[EventType "swiss"]
[EventRounds "8"]
[EventCountry "USA"]

1. Nf3 Nf6 2. c4 e6 3. g3 b6 4. Bg2 Bb7 5. O-O c5 6. b3 d5 7. Bb2 d4 8. d3 Nbd7
9. Na3 a6 10. Nc2 Bd6 11. Re1 O-O 12. e3 e5 13. e4 Re8 14. a4 a5 15. Bc1 Bc8
16. h3 Nf8 17. Rf1 Bd7 18. Kh2 Qc8 19. Bg5 Qd8 20. Nh4 Ra7 21. Na3 h6 22. Bd2
Be7 23. Nb5 Bxb5 24. cxb5 Ng6 25. Nf5 Bf8 26. h4 Ne7 27. Nxe7+ Raxe7 28. f4 Nd7
29. f5 f6 30. Bf3 Qc7 31. Bh5 Rc8 32. Qg4 Kh8 33. Rac1 Ra8 34. Bg6 Qd6 35. Qh5
Qc7 36. Rc4 Nb8 37. Rg1 Nd7 38. g4 Qd6 39. g5 fxg5 40. hxg5 Nf6 41. gxf6 Qxf6
42. Bg5 Qd6 43. f6 Rc7 44. fxg7+ Bxg7 45. Bxh6 Kg8 46. Bg5 Raa7 47. Qh7+ Kf8
48. Rf1+ Rf7 49. Bxf7 Rxf7 50. Rxf7+ Kxf7 51. Rc2 Qd7 52. Rf2+ 1-0

[Event "Winter TNM"]
[Site "San Francisco"]
[Date "2006.01.17"]
[Round "2"]
[White "Samatra, Mario"]
[Black "D'Aloisio, Tony"]
[Result "1-0"]
[WhiteElo "1900"]
[BlackElo "2222"]
[PlyCount "85"]
[EventDate "2006.01.10"]
[EventType "swiss"]
[EventRounds "8"]
[EventCountry "USA"]

1. d4 Nf6 2. Bg5 g6 3. Bxf6 exf6 4. e3 b6 5. Nf3 Bb7 6. c4 Bg7 7. Nc3 f5 8. g3
d6 9. Bg2 Nd7 10. O-O g5 11. Qd2 h5 12. Rfd1 h4 13. Nxh4 Bxg2 14. Nxg2 Rh3 15.
f4 Nf6 16. Ne1 g4 17. Qd3 Qd7 18. e4 O-O-O 19. exf5 Rdh8 20. Rd2 Nh5 21. Qe4
Kb8 22. Re2 Nf6 23. Qd3 Bh6 24. Ng2 Nh5 25. Rf1 Ng7 26. f6 Nf5 27. Nd5 Bf8 28.
Rfe1 Rxh2 29. Re8+ Kb7 30. Rxf8 Rxg2+ 31. Kxg2 Rxf8 32. Qe4 c6 33. Ne7 Re8 34.
Kf2 Nxe7 35. fxe7 f5 36. Qe3 Kc7 37. b4 Kb7 38. a4 Kc7 39. c5 dxc5 40. dxc5 Qd5
41. cxb6+ axb6 42. Re2 Rh8 43. e8=N+ 1-0

[Event "Winter TNM"]
[Site "San Francisco"]
[Date "2006.01.17"]
[Round "2"]
[White "Snyder, Larry"]
[Black "Faulkner, Charles"]
[Result "0-1"]
[WhiteElo "2062"]
[BlackElo "1849"]
[PlyCount "68"]
[EventDate "2006.01.10"]
[EventType "swiss"]
[EventRounds "8"]
[EventCountry "USA"]

1. e4 c5 2. c3 d6 3. d4 cxd4 4. cxd4 Nf6 5. Nc3 g6 6. h3 Bg7 7. Nf3 O-O 8. Bd3
a6 9. O-O Nc6 10. Be3 b5 11. a3 Bb7 12. b4 Rc8 13. Qb3 Qd7 14. a4 Na7 15. axb5
Nxb5 16. Nxb5 axb5 17. Nd2 Ra8 18. Ra5 Rxa5 19. bxa5 Ra8 20. Ra1 Ba6 21. Rb1
Qc7 22. Qb4 Nd7 23. Nb3 Rb8 24. Rc1 Qb7 25. Bd2 Bf6 26. Kh2 Kg7 27. f4 Kf8 28.
e5 dxe5 29. dxe5 Bg7 30. Be4 Qa7 31. Bc6 Nxe5 32. fxe5 Bxe5+ 33. Kh1 Qf2 34.
Be1 Qf1# 0-1

[Event "Winter TNM"]
[Site "San Francisco"]
[Date "2006.01.24"]
[Round "3"]
[White "Chan, John"]
[Black "Salvo, Tab"]
[Result "1-0"]
[WhiteElo "1659"]
[BlackElo "1740"]
[PlyCount "81"]
[EventDate "2006.01.10"]
[EventType "swiss"]
[EventRounds "8"]
[EventCountry "USA"]

1. c4 Nf6 2. d4 g6 3. Nc3 Bg7 4. e4 d6 5. h3 O-O 6. Nf3 Na6 7. a3 c5 8. d5 Nc7
9. Bf4 Bd7 10. g4 a6 11. a4 b6 12. Qb3 Rb8 13. Bd3 Kh8 14. Kd2 e5 15. Be3 Qe8
16. Rhb1 b5 17. axb5 axb5 18. Ra7 bxc4 19. Qxc4 Qc8 20. Qa2 Bb5 21. Qa5 Bxd3
22. Rxc7 Qd8 23. Kxd3 Ra8 24. Qb6 Ne8 25. Rb7 Qc8 26. Nd2 Bf6 27. Nc4 Bd8 28.
Qc6 Qxc6 29. dxc6 Rc8 30. Bh6 Rg8 31. Rxf7 Rxc6 32. Nd5 Ra6 33. f4 exf4 34.
Nxf4 g5 35. Nd5 Ra8 36. Rbf1 Ng7 37. Nxd6 Ne6 38. Rd7 Re8 39. Nxe8 Ba5 40. Ndf6
c4+ 41. Ke3 1-0

[Event "Winter TNM"]
[Site "San Francisco"]
[Date "2006.01.24"]
[Round "3"]
[White "D'Aloisio, Tony"]
[Black "Nochomovitz, Yigal"]
[Result "1-0"]
[WhiteElo "2222"]
[BlackElo "1840"]
[PlyCount "61"]
[EventDate "2006.01.10"]
[EventType "swiss"]
[EventRounds "8"]
[EventCountry "USA"]

1. c4 f5 2. Nc3 Nf6 3. g3 e6 4. Bg2 Be7 5. d4 O-O 6. Nf3 d6 7. O-O Nc6 8. d5
Ne5 9. Nd4 Nxc4 10. Nxe6 Bxe6 11. dxe6 c6 12. e4 fxe4 13. Nxe4 d5 14. Ng5 Nd6
15. Bh3 h6 16. Nf3 Nfe4 17. Ne5 Bf6 18. Ng6 Re8 19. f3 Qb6+ 20. Kg2 Ng5 21.
Bxg5 hxg5 22. f4 Qxb2+ 23. Rf2 Qd4 24. Qh5 Qe4+ 25. Kg1 Rxe6 26. Bxe6+ Qxe6 27.
fxg5 Ne4 28. Re1 Qd6 29. gxf6 Nxf2 30. Qh8+ Kf7 31. Qxg7# 1-0

[Event "Winter TNM"]
[Site "San Francisco"]
[Date "2006.01.24"]
[Round "3"]
[White "Dembling, Arthur"]
[Black "Kleiman, Charles"]
[Result "0-1"]
[WhiteElo "1674"]
[BlackElo "1878"]
[PlyCount "44"]
[EventDate "2006.01.10"]
[EventType "swiss"]
[EventRounds "8"]
[EventCountry "USA"]

1. e4 d5 2. exd5 Qxd5 3. Nc3 Qa5 4. d4 Nf6 5. Nf3 Bf5 6. Bc4 e6 7. Bd2 Bb4 8.
a3 Bxc3 9. Bxc3 Qb6 10. O-O O-O 11. Re1 Nc6 12. Qe2 Bg4 13. Rad1 Rad8 14. Qe3
Nd5 15. Qg5 Bxf3 16. gxf3 Nxc3 17. bxc3 Qb2 18. Qd2 Qxa3 19. Kh1 Qd6 20. f4 Ne7
21. Re5 Qc6+ 22. f3 Qxc4 0-1

[Event "Winter TNM"]
[Site "San Francisco"]
[Date "2006.01.24"]
[Round "3"]
[White "Dupree, Charles"]
[Black "Russell, Joe"]
[Result "1/2-1/2"]
[WhiteElo "1772"]
[BlackElo "1567"]
[PlyCount "73"]
[EventDate "2006.01.10"]
[EventType "swiss"]
[EventRounds "8"]
[EventCountry "USA"]

1. e4 c5 2. b4 cxb4 3. a3 d5 4. exd5 Qxd5 5. Nf3 Nf6 6. c4 Qe4+ 7. Be2 g6 8.
axb4 Bg7 9. Nc3 Qg4 10. O-O O-O 11. d4 Ne4 12. Nb5 Na6 13. Ne5 Qf5 14. Bd3 Nxb4
15. Bb1 Bxe5 16. dxe5 Qxe5 17. Ra4 Nc6 18. Qe2 Nc5 19. Qxe5 Nxe5 20. Rxa7 Rxa7
21. Nxa7 Be6 22. Be3 b6 23. Rc1 Bxc4 24. f4 Nb3 25. Rc3 Ng4 26. Bxb6 Nd2 27. h3
Rb8 28. hxg4 Rxb6 29. Bd3 Bxd3 30. Rxd3 Rb1+ 31. Kh2 Ne4 32. Re3 f5 33. Nc6 Rb7
34. gxf5 gxf5 35. Nd4 Nf6 36. Rg3+ Ng4+ 37. Kh3 1/2-1/2

[Event "Winter TNM"]
[Site "San Francisco"]
[Date "2006.01.24"]
[Round "3"]
[White "Faulkner, Charles"]
[Black "Grey, Peter"]
[Result "1-0"]
[WhiteElo "1849"]
[BlackElo "2000"]
[PlyCount "86"]
[EventDate "2006.01.10"]
[EventType "swiss"]
[EventRounds "8"]
[EventCountry "USA"]

1. d4 Nf6 2. c4 g6 3. Nc3 d5 4. e3 Bg7 5. cxd5 Nxd5 6. Nf3 O-O 7. Qb3 Nxc3 8.
bxc3 c5 9. Be2 Nc6 10. O-O cxd4 11. cxd4 b6 12. Ba3 Na5 13. Qc2 Bb7 14. Rac1
Rc8 15. Qa4 a6 16. Rxc8 Bxc8 17. Bb4 Bd7 18. Qa3 Nc6 19. Bxa6 Nxb4 20. Qxb4 Qc7
21. Bc4 e6 22. Rb1 Rc8 23. Ba6 Rb8 24. a4 Qa7 25. Bb5 Bf8 26. Qb3 Bd6 27. Nd2
Bxb5 28. Qxb5 Qc7 29. Nc4 Bxh2+ 30. Kh1 Bd6 31. Nxd6 Qxd6 32. a5 Kf8 33. axb6
Ke7 34. b7 Qd5 35. Qb6 Qd6 36. Qa5 Kd7 37. Rb5 Qc7 38. Qa8 h5 39. Qa6 Qc6 40.
Rb6 Qc7 41. Qb5+ Ke7 42. g3 Qd7 43. Qc5+ Qd6 1-0

[Event "Winter TNM"]
[Site "San Francisco"]
[Date "2006.01.24"]
[Round "3"]
[White "Gallegos, Paul"]
[Black "Jahedi, Salar"]
[Result "1-0"]
[WhiteElo "2200"]
[BlackElo "2014"]
[PlyCount "85"]
[EventDate "2006.01.10"]
[EventType "swiss"]
[EventRounds "8"]
[EventCountry "USA"]

1. e4 e6 2. d4 d5 3. e5 c5 4. c3 Qb6 5. Nf3 Nc6 6. Be2 cxd4 7. cxd4 Nh6 8. b3
Bb4+ 9. Kf1 Nf5 10. Bb2 O-O 11. Nc3 f6 12. g4 Nh6 13. Rg1 fxe5 14. Na4 Qd8 15.
dxe5 Bd7 16. Rc1 b6 17. g5 Nf5 18. Rg4 Be7 19. Kg1 Be8 20. h4 Rc8 21. Rf4 b5
22. Nc5 Bxc5 23. Rxc5 Nfe7 24. Qc1 a6 25. Ba3 Bh5 26. Nd4 Nxd4 27. Bxh5 Rxf4
28. Qxf4 Nef5 29. Bd1 Rc6 30. Rxc6 Nxc6 31. Qc1 Nxe5 32. Qc3 Nf7 33. Qc6 e5 34.
Qe6 g6 35. Bg4 Nxh4 36. Be7 Qc7 37. Bf6 Qd6 38. Qc8+ Qf8 39. Qxa6 Qb4 40. Qc8+
Qf8 41. Qc6 h5 42. Be6 Kh7 43. Qxd5 1-0

[Event "Winter TNM"]
[Site "San Francisco"]
[Date "2006.01.24"]
[Round "3"]
[White "Kastor, Mark"]
[Black "Bertot, German"]
[Result "0-1"]
[WhiteElo "1684"]
[BlackElo "1438"]
[PlyCount "88"]
[EventDate "2006.01.10"]
[EventType "swiss"]
[EventRounds "8"]
[EventCountry "USA"]

1. e4 e5 2. Nf3 Nc6 3. Bc4 Bc5 4. O-O d6 5. h3 Nf6 6. Re1 O-O 7. c3 Be6 8. Bb5
Ne7 9. d4 exd4 10. cxd4 Bb4 11. Nc3 c6 12. Bd3 d5 13. e5 Nd7 14. Ng5 Bf5 15.
Bxf5 Nxf5 16. Qh5 h6 17. Nf3 Ne7 18. Bxh6 gxh6 19. Qxh6 Nf5 20. Qh5 Ng7 21. Qh6
Ne6 22. Re3 Be7 23. Nh2 Bh4 24. Rd1 Qg5 25. Rg3 Bxg3 26. Qxg5+ Nxg5 27. fxg3 f6
28. exf6 Nxf6 29. Nf3 Nfe4 30. Nxg5 Nxg5 31. Rd2 Rae8 32. h4 Ne4 33. Nxe4 Rxe4
34. Kh2 Rfe8 35. Kh3 Re2 36. Rxe2 Rxe2 37. g4 Rxb2 38. g3 Rd2 39. g5 Rxd4 40.
h5 Re4 41. g4 d4 42. h6 Kh7 43. Kh4 Re6 44. Kh5 d3 0-1